000 00484nam a2200193Ia 4500
005 20240823050131.0
008 240823s9999||||xx |||||||||||||| ||und||
020 _a978-81-224-2474-4
041 _aENGLISH
082 _A547 P9
100 _aRaj.K.Bansal
245 0 _aLaboratory Manual of Organic Chemistry
250 _a5th
260 _c2009
_bNew Age International (P
_aNew Delhi
500 _aTRANSFERED
650 _aOrganic
_bChemistry
942 _cBK
999 _c216553
_d216553